От наукоучения - к логике культуры: два философских введения в двадцать первый век

Bibliographische Detailangaben
1. Verfasser: Библер В. С. Владимир Соломонович
Sprache:Russisch
Veröffentlicht: Москва, Политиздат, 1991
Schlagworte:
Format: Buch
KOHA link:https://koha.lib.tpu.ru/cgi-bin/koha/opac-detail.pl?biblionumber=18359

MARC

LEADER 00000nam0a2200000 4500
001 18359
005 20231030191244.0
010 |a 5250007392 
035 |a (RuTPU)RU\TPU\book\18508 
035 |a BOOK00018577 
090 |a 18359 
100 |a 20011209d1991 k y0rusy50 ca 
101 0 |a rus 
102 |a RU 
105 |a y z 000zy 
200 1 |a От наукоучения - к логике культуры  |e два философских введения в двадцать первый век  |f В. С. Библер 
210 |a Москва  |c Политиздат  |d 1991 
215 |a 412 с. 
610 1 |a культура 
610 1 |a логика 
610 1 |a культурология 
610 1 |a философия 
610 1 |a наука 
610 1 |a мышление 
686 |a Ч111  |v LBC/SL-A  |2 rubbk 
700 1 |a Библер  |b В. С.  |g Владимир Соломонович 
801 0 |a RU  |b 63413507  |c 20011209  |g PSBO 
801 2 |a RU  |b 63413507  |c 20120730  |g PSBO 
900 |a Культурология 
942 |c BK